Loading...
| Current Events | 1 | 10.00 | 100% | 0% | 0% |
| Fine Arts - Classical Music | 3 | 10.00 | 67% | 33% | 0% |
| Fine Arts - Other | 3 | 13.33 | 100% | 33% | 0% |
| Fine Arts - Painting and Sculpture | 5 | 8.00 | 60% | 20% | 0% |
| Geography | 1 | 20.00 | 100% | 100% | 0% |
| History - American | 7 | 5.71 | 29% | 29% | 0% |
| History - European | 4 | 17.50 | 100% | 25% | 50% |
| History - Other | 2 | 10.00 | 100% | 0% | 0% |
| History - World | 1 | 0.00 | 0% | 0% | 0% |
| Literature - American | 5 | 10.00 | 100% | 0% | 0% |
| Literature - British | 3 | 6.67 | 33% | 33% | 0% |
| Literature - European | 4 | 7.50 | 75% | 0% | 0% |
| Literature - World | 3 | 13.33 | 100% | 33% | 0% |
| Mythology | 1 | 10.00 | 100% | 0% | 0% |
| Other Academic | 1 | 10.00 | 100% | 0% | 0% |
| Philosophy | 3 | 13.33 | 100% | 33% | 0% |
| Pop Culture | 1 | 20.00 | 100% | 0% | 100% |
| Religion | 2 | 15.00 | 100% | 0% | 50% |
| Science - Biology | 2 | 10.00 | 100% | 0% | 0% |
| Science - Chemistry | 1 | 20.00 | 100% | 100% | 0% |
| Science - Other | 3 | 6.67 | 67% | 0% | 0% |
| Science - Physics | 4 | 15.00 | 100% | 50% | 0% |
| Social Science | 1 | 10.00 | 100% | 0% | 0% |